| 000 | 00589cam a22002174a 4500 | ||
|---|---|---|---|
| 005 | 20250605164246.0 | ||
| 008 | 250528s ||||||||||||||||||||||||d | ||
| 035 | _a21541 | ||
| 020 | _a9789602187494 | ||
| 040 |
_aGR-AtMCL _bgre _dGR-AtMCL _eAACR2 |
||
| 245 | 1 | _aΒΑΣΙΚΕΣ ΑΡΧΕΣ ΣΤΡΑΤΗΓΙΚΗΣ ΤΩΝ ΕΠΙΧΕΙΡΗΣΕΩΝ | |
| 250 | _a1 | ||
| 260 |
_bΚριτική, _c2011 |
||
| 300 | _a463 | ||
| 700 | 1 |
_aJohnson Gerry _91786 |
|
| 700 | 1 |
_aScholes Kevan _91787 |
|
| 700 | 1 |
_aWhittington Richard _91788 |
|
| 942 | _cBK | ||
| 999 |
_c6603 _d6603 |
||